[Event "DYTM Raja Nazrin Shah Masters"]
[Site "Kuala Lumpur MAS"]
[Date "2013.06.20"]
[Round "8.3"]
[White "Luther,T"]
[Black "Tiviakov,S"]
[Result "1/2-1/2"]
[WhiteElo "2552"]
[BlackElo "2644"]

1.e4 d5 2.exd5 Qxd5 3.Nc3 Qd6 4.d4 Nf6 5.Nf3 g6 6.Nb5 Qd8 7.Bf4 Na6 8.c3 c6
9.Na3 Nc7 10.h3 Ncd5 11.Be5 Bh6 12.Be2 O-O 13.O-O Nf4 14.Re1 Nxe2+ 15.Qxe2 Be6
16.Nc4 Re8 17.Ne3 Qb6 18.c4 a5 19.Rad1 Bg7 20.Qc2 a4 21.Ng5 Bd7 22.c5 Qb5
23.Nc4 Bf5  1/2-1/2

[Event "13th IPCA World Championship"]
[Site "Velke Losiny CZE"]
[Date "2013.06.21"]
[Round "5.10"]
[White "Strnad,P"]
[Black "Pronin,Vl"]
[Result "0-1"]
[WhiteElo "1863"]
[BlackElo "2056"]

1.e4 d5 2.exd5 Qxd5 3.Nc3 Qd6 4.Nf3 Nf6 5.Be2 a6 6.O-O Nc6 7.d4 Bf5 8.a3 O-O-O
9.Ng5 Be6 10.Bd3 Nxd4 11.h3 h6 12.Nf3 Nxf3+ 13.Qxf3 Bd5 14.Qe3 Kb8 15.b4 e6
16.Bd2 Qc6 17.Nxd5 Qxd5 18.Rfb1 Be7 19.Qe2 g5 20.b5 a5 21.Bxa5 g4 22.hxg4 Rdg8
23.Bc3 Rxg4 24.f3 Bc5+ 25.Kf1 Qh5 26.Ke1 Bd4 27.Bxd4 Rxd4 28.Kd2 Qg5+ 29.Ke1 Nd5
30.Rb3 Rh4 31.Ra2 Rg8 32.Qf2 Qc1+  0-1

[Event "Caissa IM June 2013"]
[Site "Kecskemet HUN"]
[Date "2013.06.22"]
[Round "9.3"]
[White "Gupta,B"]
[Black "Sean,W"]
[Result "1/2-1/2"]
[WhiteElo "2242"]
[BlackElo "2186"]

1.e4 d5 2.exd5 Qxd5 3.Nc3 Qd6 4.d4 Nf6 5.Nf3 a6 6.g3 Bg4 7.Bg2 Nc6 8.Ne2 e5
9.Nxe5 Bxe2 10.Qxe2 Nxd4 11.Nc4+ Nxe2 12.Nxd6+ Bxd6 13.Kxe2 O-O-O 14.Be3 Ng4
15.Bh3 f5 16.Rad1 Rhe8 17.Bxg4 fxg4 18.h3  1/2-1/2

[Event "7th Varna Open 2013"]
[Site "Varna BUL"]
[Date "2013.06.22"]
[Round "4.11"]
[White "Molina,Rob"]
[Black "Ilic,SloS2"]
[Result "1-0"]
[WhiteElo "2423"]
[BlackElo "2135"]

1.e4 d5 2.exd5 Qxd5 3.Nc3 Qd6 4.d4 Nf6 5.Nf3 Bg4 6.h3 Bh5 7.g4 Bg6 8.Ne5 c6
9.Bf4 Qd8 10.h4 Nd5 11.Nxd5 Qxd5 12.f3 h5 13.Bc4 Qa5+ 14.c3 hxg4 15.Qb3 Qb6
16.Bxf7+ Bxf7 17.Qxf7+ Kd8 18.O-O-O  1-0

[Event "8th Teplice Open 2013"]
[Site "Teplice CZE"]
[Date "2013.06.23"]
[Round "9.15"]
[White "Manik,M"]
[Black "Ptacnikova,L"]
[Result "1-0"]
[WhiteElo "2413"]
[BlackElo "2255"]

1.e4 d5 2.exd5 Qxd5 3.Nc3 Qd6 4.d4 Nf6 5.Nf3 g6 6.Bc4 c6 7.Ng5 e6 8.Qf3 Bg7
9.Nce4 Qd8 10.Bf4 O-O 11.Nxf6+ Qxf6 12.O-O-O Nd7 13.Ne4 Qd8 14.h4 b5 15.Bb3 h6
16.Qe3 h5 17.g4 hxg4 18.h5 Nb6 19.h6  1-0

[Event "8th Teplice Open 2013"]
[Site "Teplice CZE"]
[Date "2013.06.23"]
[Round "9.56"]
[White "Eiriksson,S"]
[Black "Badelka,Olga"]
[Result "0-1"]
[WhiteElo "1946"]
[BlackElo "1817"]

1.e4 d5 2.exd5 Qxd5 3.Nc3 Qd6 4.d4 Nf6 5.Nf3 c6 6.Be2 Bf5 7.Be3 e6 8.O-O Be7
9.Qd2 O-O 10.a3 Nd5 11.Nxd5 cxd5 12.Bd3 Bxd3 13.Qxd3 Nd7 14.Bd2 Qc7 15.Rac1 Rfe8
16.Rfe1 Qc4 17.Ne5 Nxe5 18.dxe5 Qc6 19.Qg3 Rac8 20.Re3 Qa4 21.Rc3 Rxc3 22.bxc3 Qc4
23.Qd3 Bxa3 24.Qxc4 dxc4 25.Rf1  0-1

[Event "7th Varna Open 2013"]
[Site "Varna BUL"]
[Date "2013.06.24"]
[Round "6.9"]
[White "Vedmediuc,S"]
[Black "Panbukchian,V"]
[Result "1/2-1/2"]
[WhiteElo "2460"]
[BlackElo "2331"]

1.e4 d5 2.exd5 Qxd5 3.Nc3 Qd6 4.d4 Nf6 5.Nf3 a6 6.Bd3 g6 7.Ne5 Nbd7 8.f4 Bg7
9.Be3 O-O 10.Qe2 c5 11.dxc5 Nxc5 12.Bc4 e6 13.Rd1 Qc7 14.O-O Rb8 15.Qf3 Nfd7
16.Nxd7  1/2-1/2

[Event "13th IPCA World Championship"]
[Site "Velke Losiny CZE"]
[Date "2013.06.24"]
[Round "8.15"]
[White "Tocklin,T"]
[Black "Zavarsky,J"]
[Result "1/2-1/2"]
[WhiteElo "1802"]
[BlackElo "1991"]

1.e4 d5 2.exd5 Qxd5 3.Nc3 Qd8 4.d4 g6 5.Nf3 Nh6 6.Be2 Bg7 7.O-O Nf5 8.Be3 O-O
9.Qd2 Nxe3 10.Qxe3 Bf5 11.Ne4 c6 12.c3 Nd7 13.Bc4  1/2-1/2

[Event "Geneva Masters GpB 2013"]
[Site "Geneva SUI"]
[Date "2013.06.28"]
[Round "3.1"]
[White "Kosteniuk,A"]
[Black "Edouard,R"]
[Result "1-0"]
[WhiteElo "2489"]
[BlackElo "2666"]

1.e4 d5 2.exd5 Qxd5 3.Nc3 Qd8 4.d4 Nf6 5.Nf3 Bg4 6.h3 Bxf3 7.Qxf3 c6 8.Be3 e6
9.Bd3 Nbd7 10.O-O Be7 11.Qg3 O-O 12.Ne2 b5 13.Bh6 Ne8 14.Bf4 Ndf6 15.Be5 Bd6
16.a4 b4 17.a5 Qc7 18.f4 c5 19.c3 cxd4 20.Nxd4 Bxe5 21.fxe5 Nd7 22.Be4 Rc8
23.Nc6 bxc3 24.Bxh7+ Kh8 25.Qh4  1-0

[Event "IsBank TCh-TUR 2013"]
[Site "Denizli TUR"]
[Date "2013.06.29"]
[Round "1.7"]
[White "Okus,M"]
[Black "Acar,Cengiz Can"]
[Result "1-0"]
[WhiteElo "2021"]
[BlackElo "1698"]

1.e4 d5 2.exd5 Qxd5 3.Nc3 Qd6 4.d4 c6 5.Nf3 Bg4 6.Be2 Nd7 7.Be3 e6 8.Qd2 Qc7
9.O-O-O Ngf6 10.h3 Bf5 11.Nh4 Bg6 12.g4 Bb4 13.Nxg6 hxg6 14.Qd3 O-O-O 15.g5 Ne5
16.dxe5 Rxd3 17.Rxd3 Bxc3 18.exf6 Be5 19.fxg7 Bxg7 20.Bg4 Qe5 21.c3 Qa5 22.Kb1 Rd8
23.Rxd8+ Kxd8 24.h4 Qa4 25.Bf3 Qb5 26.Kc1 Qa5 27.a3 Kc8 28.h5 gxh5 29.Rxh5 Qf5
30.Be2 Kc7 31.Rh4 Be5 32.Bd1 Qg6 33.Bc2 Qg8 34.Rh7 Kb8 35.f4 f5 36.Rh1 Bd6
37.Bb3 Qg6 38.Rh6 Qg7 39.Bxe6 b6 40.Bxf5 Bc7 41.Kc2 c5 42.Bd3 Bd8 43.Rh7 Qg8
44.c4 Qe8 45.Kd2 Qc6 46.Rh2 b5 47.f5 bxc4 48.Bf4+ Bc7 49.Bxc7+ Qxc7 50.Rh8+ Kb7
51.Be4+ Kb6 52.Rh6+ Ka5 53.Re6 Qf4+ 54.Ke2 Qxg5 55.Kf3 Qh5+ 56.Kf4 Qh2+ 57.Kg5 Qg3+
58.Kf6 Qh4+ 59.Ke5 Qg3+ 60.Kd5 c3 61.bxc3 Qxc3 62.f6 Qd4+ 63.Kc6 c4 64.f7 Qb6+
65.Kd7 Qb5+ 66.Bc6 Qf5 67.Ke7 Qh7 68.Ke8 Qh5 69.Ke7 Qh7 70.Be4 Qg7 71.Ke8 Qg3
72.f8=Q Qb8+ 73.Kf7 Qf4+ 74.Rf6 Qxe4 75.Qb4+  1-0

[Event "IsBank TCh-TUR 2013"]
[Site "Denizli TUR"]
[Date "2013.07.01"]
[Round "3.3"]
[White "Sebag,M"]
[Black "Mikadze,M"]
[Result "1-0"]
[WhiteElo "2527"]
[BlackElo "2314"]

1.e4 d5 2.exd5 Qxd5 3.Nc3 Qd6 4.d4 Nf6 5.Nf3 c6 6.g3 Bg4 7.Bg2 e6 8.O-O Qc7
9.h3 Bxf3 10.Qxf3 Nbd7 11.Ne2 Be7 12.c4 O-O 13.Qb3 Rfe8 14.Nc3 e5 15.d5 cxd5
16.cxd5 Nc5 17.Qc4 a6 18.a4 Rac8 19.Bg5 Qb6 20.Qe2 Nb3 21.Rad1 h6 22.Bxf6 Bxf6
23.d6 Rcd8 24.Bd5 Nd4 25.Qh5 Rd7 26.Ne4 Bd8 27.Qg4 Ne6 28.b4 h5 29.Qxh5 Qxb4
30.Qxe5 Bf6 31.Qf5 Qxa4 32.Qg4 Bd4 33.Nf6+  1-0

[Event "Klatov Open A 2013"]
[Site "Klatovy CZE"]
[Date "2013.07.02"]
[Round "4.10"]
[White "Malek,Martin"]
[Black "Bartos,J"]
[Result "0-1"]
[WhiteElo "2045"]
[BlackElo "2196"]

1.e4 d5 2.exd5 Qxd5 3.Nc3 Qd6 4.Nf3 Nf6 5.g3 c6 6.Bg2 Bg4 7.d3 Nbd7 8.O-O e6
9.Bf4 Qb4 10.Rb1 Be7 11.a3 Qb6 12.b4 O-O 13.Qd2 a6 14.a4 Rfc8 15.a5 Qd8 16.Na4 Nd5
17.Ne5 Nxf4 18.Qxf4 Nxe5 19.Qxe5 Rab8 20.Nb6 Rc7 21.Nc4 Bf5 22.Rb3 Bf6 23.Qf4 Rd7
24.Re1 Rd4 25.Qe3 Qe7 26.Reb1 Rxc4 27.dxc4 Bxc2 28.b5 Bxb1 29.Rxb1 axb5 30.cxb5 cxb5
31.Qa7 Qd6 32.Bxb7 Bd4 33.Qa6 Qxa6 34.Bxa6 b4 35.Rb3 Kf8 36.Kf1 Ke7 37.Ke2 Kd6
38.Bd3 Kc5 39.f4 Bc3 40.Ke3 e5 41.a6 exf4+ 42.Kxf4 Kd4 43.Be4 g5+ 44.Kf3 g4+  0-1

[Event "41st TCh-GRE"]
[Site "Rio (Achaia) GRE"]
[Date "2013.07.02"]
[Round "1.5"]
[White "Manolaraki,Y"]
[Black "Papadopoulou,V"]
[Result "0-1"]
[WhiteElo "1978"]
[BlackElo "2219"]

1.e4 d5 2.exd5 Qxd5 3.Nc3 Qd6 4.d4 Nf6 5.Nf3 c6 6.g3 Bg4 7.Bg2 e6 8.Bf4 Qd8
9.O-O Be7 10.Qd2 Bxf3 11.Bxf3 O-O 12.a3 Nbd7 13.Rad1 Nb6 14.Qe2 Nfd5 15.Nxd5 cxd5
16.c3 Nc4 17.Qc2 Qd7 18.Be2 Rfc8 19.Bd3 h6 20.Rde1 b5 21.Bc1 a5 22.f4 b4
23.axb4 axb4 24.f5 bxc3 25.bxc3 Ba3 26.Bf4 Bd6 27.fxe6 fxe6 28.Bxc4 Bxf4
29.Bxd5 Qxd5 30.Rxf4 Ra2 31.Qe4 Rxc3 32.Qxd5 exd5 33.Rf2 Rxf2 34.Kxf2 Rd3
35.Re5 Rxd4 36.Ke2 Kf7 37.Ke3 Rd1 38.Ke2 Kf6 39.Re8 Ra1 40.Kd3 Kf5 41.Re7 g6
42.Re2 h5 43.Ke3 Rf1 44.Rd2 Ke5 45.Ke2 Rf7 46.Ke3 g5 47.Ke2 g4 48.Ra2 Ke4
49.Ra8 Rb7 50.Ra4+ d4 51.Ra2 Rb1 52.Kf2 Rb5 53.Re2+ Kd3 54.Re7 Rb2+ 55.Kg1 Re2
56.Rd7 Kc3 57.Rc7+ Kd2 58.Rc5 d3 59.Rxh5 Kc1 60.Rc5+ Rc2  0-1

[Event "IsBank TCh-TUR 2013"]
[Site "Denizli TUR"]
[Date "2013.07.03"]
[Round "5.8"]
[White "Asan,E"]
[Black "Mutlu,Beste"]
[Result "1/2-1/2"]
[WhiteElo "1839"]
[BlackElo "1645"]

1.e4 d5 2.exd5 Qxd5 3.Nc3 Qd6 4.d4 c6 5.g3 Nf6 6.Bg2 Bf5 7.Bf4 Qb4 8.Rb1 e6
9.Ne2 Nbd7 10.O-O Qa5 11.a3 Be7 12.Re1 O-O 13.h3 Qd8 14.g4 Bg6 15.Ng3 Nd5
16.Bd2 N7b6 17.Nxd5 cxd5 18.Ba5 Rc8 19.Rc1 Bg5 20.Bd2 Nc4 21.f4 Bh4 22.Kh2 Bxg3+
23.Kxg3 Nxb2 24.Qf3 Qc7 25.Qb3 Nc4 26.Bb4 Rfe8 27.Re2 Qb6 28.Rce1 Qc7 29.Bxd5 Nb6
30.Be4 Bxe4 31.Rxe4 Qxc2 32.Qxc2 Rxc2 33.f5 Rc6 34.Bc5 Nd5 35.Re5 Nc7 36.Kf4 b6
37.Bb4 a5 38.Bd2 Rd6 39.Be3 f6 40.Re4 exf5 41.Rxe8+ Nxe8 42.Kxf5 Kf7 43.Rc1 Ke7
44.Ke4 Re6+ 45.Kd3 Kd6 46.Bf4+ Kd7 47.d5 Re7 48.Rc6 Re1 49.Rxb6 Rh1 50.Rb7+ Kc8
51.Rb8+ Kd7 52.Rb7+ Kc8 53.Rb8+ Kd7 54.Rb7+ Kd8 55.d6 Rxh3+ 56.Ke2 g5 57.Rb8+ Kd7
58.Rb7+ Kd8 59.Rb8+ Kd7 60.Rb7+ Kd8 61.Rb8+  1/2-1/2

[Event "41st TCh-GRE"]
[Site "Rio (Achaia) GRE"]
[Date "2013.07.03"]
[Round "2.6"]
[White "Tsolaki,E"]
[Black "Vafiadou,A"]
[Result "1-0"]
[WhiteElo "1715"]
[BlackElo "1686"]

1.e4 d5 2.exd5 Qxd5 3.Nc3 Qd6 4.d4 Nf6 5.Nf3 a6 6.g3 Bg4 7.h3 Bh5 8.Bg2 Nc6
9.Bf4 Qd8 10.g4 Bg6 11.Ne5 Nxd4 12.Bxb7 Bxc2 13.Qc1 Qb8 14.Bxa8 Qxa8 15.O-O Nd7
16.f3 Nxe5 17.Bxe5 Nxf3+ 18.Rxf3 Qxf3 19.Qxc2 Qe3+ 20.Kg2 c6 21.Qe4 Qxe4+
22.Nxe4 f6 23.Bc7 e5 24.Rd1 Be7 25.Nd6+ Kf8 26.Rc1 c5 27.Rxc5 g6 28.Ra5 Kg7
29.Rxa6 Bd8 30.Bxd8 Rxd8 31.b4 Kf8 32.b5 Ke7 33.Ne4 f5 34.Ra7+ Ke6 35.Nc5+ Kf6
36.b6 Rd2+ 37.Kf3 Rc2 38.b7  1-0

[Event "41st TCh-GRE"]
[Site "Rio (Achaia) GRE"]
[Date "2013.07.03"]
[Round "2.5"]
[White "Manelidou,M"]
[Black "Iordanidou,Z"]
[Result "0-1"]
[WhiteElo "2030"]
[BlackElo "2122"]

1.e4 d5 2.exd5 Qxd5 3.Nc3 Qd6 4.Bc4 Nf6 5.d3 a6 6.Bd2 Nc6 7.Nge2 Bf5 8.Ng3 Bg6
9.O-O O-O-O 10.Re1 e5 11.Bg5 Be7 12.a3 h6 13.Bxf6 gxf6 14.b4 f5 15.b5 axb5
16.Nxb5 Qc5 17.Qf3 e4 18.Qe2 Bf6 19.Rab1 Na5 20.Ba2 Rhe8 21.d4 Bxd4 22.Nxd4 Qxd4
23.Rb5 Qc3 24.Qe3 Qxe3 25.fxe3 b6 26.Rf1 Rd2 27.Nxf5 Rxc2 28.Bb1 Rc3 29.Nxh6 Rxe3
30.Nxf7 Nc4 31.Rb2  0-1

[Event "41st TCh-GRE"]
[Site "Rio (Achaia) GRE"]
[Date "2013.07.03"]
[Round "2.6"]
[White "Salahidi,Reveka"]
[Black "Tsamantani,Eleni-Marina"]
[Result "1-0"]
[WhiteElo "1705"]
[BlackElo "1353"]

1.e4 d5 2.exd5 Qxd5 3.Nc3 Qd6 4.d4 Nf6 5.Bg5 a6 6.Qd2 Bf5 7.f3 Nd5 8.Ne4 Bxe4
9.fxe4 Nb6 10.Bf4 Qd8 11.O-O-O e6 12.Qf2 Bd6 13.e5 Be7 14.Qg3 g6 15.Bh6 Bf8
16.Bxf8 Kxf8 17.Ne2 Nc6 18.h4 h6 19.Qf2 Nd5 20.g4 Kg7 21.Bg2 Qd7 22.Bxd5 Qxd5
23.Qf6+ Kg8 24.g5 Qd8 25.Qf4 h5 26.Nc3 Ne7 27.Rhf1 Nf5 28.d5 exd5 29.Nxd5 Qf8
30.e6 fxe6 31.Nf6+ Kg7 32.Rd7+ Ne7 33.Ne8+ Qxe8 34.Qf6+ Kg8 35.Rxe7 Qxe7
36.Qxe7 Rh7 37.Qxe6+ Kh8 38.Qxg6 Rc8 39.Qf6+ Rg7 40.Qh6+ Kg8 41.Qe6+ Kh7
42.Rf6 Kh8 43.Rh6+ Rh7 44.Qf6+ Kg8 45.Rg6+ Rg7 46.Qxg7+  1-0

[Event "2nd Arberopen 2013"]
[Site "Bayerisch Eisenstein GER"]
[Date "2013.07.04"]
[Round "6.24"]
[White "Forgach,A"]
[Black "Hoffmann,Uw1"]
[Result "1/2-1/2"]
[WhiteElo "1919"]
[BlackElo "1967"]

1.e4 d5 2.exd5 Qxd5 3.Nc3 Qd6 4.d4 Nf6 5.Nf3 Bg4 6.h3 Bh5 7.Be2 a6 8.Be3 e6
9.Ne5 Bxe2 10.Qxe2 Nbd7 11.f4 Nb6 12.O-O Nbd5 13.Nxd5 Qxd5 14.a3 g6 15.c4 Qd6
16.Qf3 c6 17.b4 Bg7 18.Rad1 Qc7 19.Kh1 O-O 20.g4 Nd7 21.Qg3  1/2-1/2

[Event "IsBank TCh-TUR 2013"]
[Site "Denizli TUR"]
[Date "2013.07.04"]
[Round "6.10"]
[White "Dogan,Sevval"]
[Black "Ayazmali,Gizem"]
[Result "1-0"]
[WhiteElo "1663"]
[BlackElo "1631"]

1.e4 d5 2.exd5 Qxd5 3.Nc3 Qd6 4.d4 Nf6 5.g3 a6 6.Bg2 g6 7.Nf3 Nc6 8.O-O Bg4
9.Be3 Bg7 10.h3 Bf5 11.Nh4 Qd7 12.g4 Bxg4 13.hxg4 Nxg4 14.d5 Nce5 15.Bd4 Bf6
16.Bh3 h5 17.f3 Bxh4 18.Bxe5 Qf5 19.Bxh8 Qf4 20.fxg4 Qe3+ 21.Rf2 Bxf2+ 22.Kf1 Qxh3+
23.Kxf2 hxg4 24.Be5 O-O-O 25.Qh1 g3+ 26.Bxg3 Qf5+ 27.Qf3 Qxc2+ 28.Qe2 Qf5+
29.Kg2 e6 30.dxe6 fxe6 31.Rf1  1-0

[Event "Klatov Open A 2013"]
[Site "Klatovy CZE"]
[Date "2013.07.04"]
[Round "6.16"]
[White "Janska,Jitka"]
[Black "Jacek,Mi"]
[Result "1-0"]
[WhiteElo "1889"]
[BlackElo "2056"]

1.e4 d5 2.exd5 Qxd5 3.Nc3 Qd6 4.d4 Nf6 5.Nge2 a6 6.Bf4 Qd8 7.g3 c6 8.Bg2 Bg4
9.d5 cxd5 10.Nxd5 Nxd5 11.Bxd5 Nc6 12.Qd2 e6 13.f3 exd5 14.fxg4 Bb4 15.c3 Bc5
16.O-O-O O-O 17.Qxd5 Qe7 18.Nd4 Bxd4 19.cxd4 Rfd8 20.Qc5 Qe2 21.Qc2 Qe6 22.Qb3 Qxb3
23.axb3 Nxd4 24.Rd3 Ne2+ 25.Kd2 Nxf4 26.gxf4 Kf8 27.Rc1 Rxd3+ 28.Kxd3 Rd8+
29.Ke3 Rd7 30.Rc2 Ke7 31.Ke4 Ke6 32.h4 Rd6 33.Rc7 Rd7 34.f5+ Ke7 35.Rxd7+ Kxd7
36.Kd5 h6 37.b4 Kc7 38.g5 hxg5 39.hxg5 Kd7 40.Kc5 Kc7 41.Kd5 Kd7 42.b3 Kc7
43.g6 fxg6 44.fxg6 Kd7 45.Kc5 Kc7 46.b5 axb5 47.Kxb5 Kd7 48.Kb6 Kc8 49.Ka7 Kc7
50.b4 Kc6 51.b5+ Kc7 52.Ka8  1-0

[Event "Avoin SM 2013"]
[Site "Naantali FIN"]
[Date "2013.07.04"]
[Round "6.18"]
[White "Jaderholm,B"]
[Black "Raivio,E"]
[Result "0-1"]
[WhiteElo "1863"]
[BlackElo "1755"]

1.e4 d5 2.exd5 Qxd5 3.Nc3 Qd6 4.Nf3 Bg4 5.Be2 Nf6 6.h3 Bh5 7.O-O c6 8.b3 e6
9.a4 Qc7 10.d4 Be7 11.Ne5 Bxe2 12.Qxe2 O-O 13.Bf4 Qa5 14.Bd2 Qc7 15.f4 Nbd7
16.Nc4 Nb6 17.Ne5 Nbd7 18.Nd3 Nb6 19.Rae1 Qd6 20.Be3 Nbd5 21.Nxd5 Nxd5 22.Bd2 Bf6
23.Qe4 Bh4 24.Re2 Nf6 25.Qe3 Nd5 26.Qf3 Bf6 27.Qe4 Rfd8 28.c3 Qa3 29.Rb1 Qd6
30.Rbe1 Bh4 31.Rf1 Nf6 32.Qe3 Nd5 33.Qf3 Bf6 34.f5 exf5 35.Qxf5 h6 36.Ne5 Qc7
37.Ng4 Bg5 38.Bxg5 hxg5 39.Qxg5 Rd6 40.Re7 Qxe7 41.Nh6+ Rxh6 42.Qd2 Qe3+
43.Qxe3 Nxe3 44.Rf3 Re8 45.c4 Rg6 46.g4 f5 47.Kf2 fxg4 48.hxg4 Nxg4+ 49.Kg2 Ne5+
50.Rg3 Rxg3+ 51.Kxg3 Nd3  0-1

[Event "4th ch-Vojvodina Int"]
[Site "Novi Sad SRB"]
[Date "2013.07.04"]
[Round "9.2"]
[White "Leskur,D"]
[Black "Cabarkapa,N"]
[Result "1/2-1/2"]
[WhiteElo "2391"]
[BlackElo "2341"]

1.e4 d5 2.exd5 Qxd5 3.Nc3 Qd6 4.d4 Nf6 5.Nf3 g6 6.Be3 a6 7.Qd2 Bg7 8.Be2 b5
9.a3 Bb7 10.O-O O-O 11.Rad1 Rd8 12.h3 Qc6 13.Qc1 e6 14.Rfe1 Nbd7 15.Bf1 Nb6
16.Ne5 Qd6 17.Bg5 Rf8 18.Bf4 Qe7 19.b4 Nfd7 20.Ne4 Bxe4 21.Rxe4 Nd5 22.c4 Nxf4
23.Qxf4 bxc4 24.Nxc4 Nf6 25.Ree1 Nd5 26.Qc1 Qh4  1/2-1/2

[Event "4th ch-Vojvodina Int"]
[Site "Novi Sad SRB"]
[Date "2013.07.04"]
[Round "9.5"]
[White "Vucinic,G"]
[Black "Saric,S"]
[Result "1-0"]
[WhiteElo "2252"]
[BlackElo "2412"]

1.e4 d5 2.exd5 Qxd5 3.Nc3 Qd6 4.d4 Nf6 5.Nf3 Bg4 6.h3 Bh5 7.g4 Bg6 8.Bg2 Nc6
9.O-O O-O-O 10.Qe2 a6 11.Be3 e6 12.Rfd1 Be7 13.Ne5 Nxe5 14.Bf4 Nfd7 15.dxe5 Qb4
16.Bd2 Qc5 17.Be3 Qxe5 18.f4 Qa5 19.f5 exf5 20.Rd5 Bc5 21.Bxc5 Nxc5 22.gxf5 Rxd5
23.Nxd5 Bxf5 24.Ne7+ Kb8 25.Nxf5 Qb6 26.Qf2 Qxb2 27.Re1 Ne6 28.c4 Qxf2+ 29.Kxf2 c6
30.Nd6 Rf8 31.Kg3 Rd8 32.Nxf7 Rd3+ 33.Bf3 Nd4 34.Re8+ Ka7 35.Ne5 Ra3 36.Rd8 Nxf3
37.Nxf3 Rxa2 38.Rd7 Ra5 39.Rxg7 h5 40.Kf4 Ra4 41.Ne5 Ra3 42.h4 Rh3 43.Nf3 a5
44.Rg5 Kb6 45.Rxh5 a4 46.Rg5 a3 47.Rg1 Kc5 48.Rc1 Kb4 49.Kg4 Rxh4+ 50.Kxh4 a2
51.Ne1 b5 52.Nd3+ Ka3 53.c5 b4 54.Kg5 b3 55.Kf5 b2 56.Nxb2 Kxb2 57.Rh1  1-0

[Event "41st TCh-GRE"]
[Site "Rio (Achaia) GRE"]
[Date "2013.07.04"]
[Round "4.6"]
[White "Kafetzi,A"]
[Black "Vafiadou,A"]
[Result "0-1"]
[WhiteElo "1714"]
[BlackElo "1686"]

1.e4 d5 2.exd5 Qxd5 3.Nc3 Qd6 4.d4 Nf6 5.Nf3 a6 6.Bd3 Nc6 7.h3 b5 8.O-O e6
9.Ne2 Nd5 10.Re1 Be7 11.Ng3 f5 12.Ne5 O-O 13.c3 Bf6 14.Nxc6 Qxc6 15.Nh5 Be7
16.Qf3 Bd6 17.Nf4 Bxf4 18.Bxf4 Bb7 19.Be5 Qd7 20.Qg3 Rac8 21.Rad1 Qf7 22.Qh4 h6
23.Be2 Kh7 24.f4 Rg8 25.Rd3 g5 26.fxg5 Rxg5 27.Bf1 Rcg8 28.Qf2 Qg6 29.Re2 Ba8
30.Kh2 c5 31.dxc5 f4 32.Rd4 Qh5 33.Red2 Rxe5 34.Rd1 Qg5 35.R1d2 Qe7 36.b3 Qc7
37.c4 f3 38.g3 Nf6 39.Rf4 Nh5  0-1

[Event "47th Ilmar Raud Mem"]
[Site "Viljandi EST"]
[Date "2013.07.04"]
[Round "6.14"]
[White "Teemae,L"]
[Black "Bernotas,A"]
[Result "1/2-1/2"]
[WhiteElo "2052"]
[BlackElo "2281"]

1.e4 d5 2.exd5 Qxd5 3.Nc3 Qd6 4.d4 Nf6 5.Bd3 a6 6.Nge2 e6 7.Bf4 Qd7 8.O-O b5
9.a4 b4 10.Ne4 Bb7 11.Nxf6+ gxf6 12.f3 c5 13.Be3 cxd4 14.Bxd4 Be7 15.c3 Nc6
16.Bb6 Ne5 17.Be4 Bxe4 18.fxe4 Qc6 19.Bd4 bxc3 20.bxc3 h5 21.Rf4 h4 22.Rb1 Rd8
23.Qf1 h3 24.gxh3 Rg8+ 25.Ng3 Rg6 26.Rb6 Qxa4 27.Rxa6 Qc4 28.Bxe5 Qxf1+ 29.Rxf1 fxe5
30.Kh1 Rf6 31.Rxf6 Bxf6 32.Ra2 Bg5 33.Kg2 Rd3 34.Rc2 Kd7 35.Kf2 Kc6 36.Ke2 Rd8
37.Kf3 Kc5 38.Kg4 Rg8 39.h4 Bf4+ 40.Kf3 Rh8 41.h5 Kc4 42.Ra2 Bxg3 43.hxg3 Rxh5
44.Ra7 f5 45.Re7 Kd3 46.exf5 Rxf5+ 47.Kg4 Rf8 48.Rxe6 e4 49.Kg5 e3 50.g4 e2
51.Kg6 Rf4 52.Rxe2 Kxe2 53.g5 Kf3 54.Kh7 Ke4 55.g6 Rh4+ 56.Kg8 Kf5 57.Kf7 Rc4
58.g7 Rc7+ 59.Kf8 Kf6 60.g8=N+ Ke6 61.Nh6 Rxc3 62.Kg7 Rg3+ 63.Kh7 Kf6 64.Ng8+ Kg5
65.Kg7 Ra3 66.Ne7 Ra6 67.Kf7 Kf4 68.Ng6+ Ke4 69.Ne7 Ke5 70.Ng6+ Kd6 71.Kf6 Ra1
72.Kg5 Rf1 73.Nf4 Ke5 74.Ng6+ Ke4 75.Ne7 Rf8 76.Kg6 Ke5 77.Kg7 Rf6 78.Ng6+ Ke6
79.Nf8+ Kf5 80.Kg8 Ra6 81.Kf7 Ra7+ 82.Kg8 Re7 83.Nh7 Kg6 84.Nf8+ Kh6 85.Kh8 Rg7
86.Ne6 Rg4 87.Nf8 Rg1 88.Nh7 Kg6 89.Kg8 Kh6+ 90.Kh8 Rg2 91.Nf8 Rg3 92.Nh7 Rg6
93.Nf8 Rg7 94.Ne6 Rf7 95.Kg8 Kg6 96.Nf8+ Kf6 97.Nh7+ Ke7 98.Ng5 Rf5 99.Nh7 Rf1
100.Kg7 Rg1+ 101.Kh6 Ke6 102.Ng5+ Kf5 103.Nh7 Rg8 104.Kh5 Rg7 105.Kh6 Rf7
106.Ng5 Rf6+ 107.Kh5 Ra6 108.Nf7 Kf6 109.Nh6 Ra5+ 110.Kh4  1/2-1/2

[Event "6th ch-Cent SRB Int 2013"]
[Site "Paracin SRB"]
[Date "2013.07.05"]
[Round "1.35"]
[White "Zarkovic,M"]
[Black "Cabarkapa,N"]
[Result "0-1"]
[WhiteElo "2070"]
[BlackElo "2356"]

1.e4 d5 2.exd5 Qxd5 3.Nc3 Qd6 4.d4 Nf6 5.Nge2 a6 6.Bf4 Qd8 7.Qd2 b5 8.f3 Bb7
9.O-O-O e6 10.Ng3 Bb4 11.Bg5 h6 12.Bxf6 Qxf6 13.Nge4 Bxe4 14.fxe4 c5 15.e5 Qe7
16.a3 Bxc3 17.Qxc3 c4 18.g3 O-O 19.Bg2 Ra7 20.d5 Nd7 21.Qe3 Qc5 22.Rhe1 Qxe3+
23.Rxe3 Nc5 24.b4 cxb3 25.cxb3 Rc8 26.Kb2 exd5 27.Rxd5 Rac7 28.Rd2 a5 29.Bh3 Re8
30.Rd5 b4 31.axb4 axb4 32.Rd4 Rb7 33.Rd6 Rbe7 34.Rd5 Rxe5 35.Rexe5 Rxe5 36.Rxe5 Nd3+
37.Kc2 Nxe5 38.Bg2 f5 39.Kd2 g5 40.Ke3 Ng4+ 41.Kd4 Nxh2  0-1

[Event "41st TCh-GRE"]
[Site "Rio (Achaia) GRE"]
[Date "2013.07.05"]
[Round "5.2"]
[White "Alexakis,D"]
[Black "Moutousis,K"]
[Result "1/2-1/2"]
[WhiteElo "2193"]
[BlackElo "2422"]

1.e4 d5 2.exd5 Qxd5 3.Nc3 Qd6 4.d4 Nf6 5.Nf3 c6 6.h3 g6 7.Bc4 Be6 8.Qe2 Bxc4
9.Qxc4 b5 10.Qe2 Bg7 11.O-O O-O 12.Re1 Re8 13.Bg5 Nbd7 14.Rad1 h6 15.Bc1 b4
16.Na4 Qc7 17.Ne5 Qa5 18.b3 Qb5 19.Qf3 Rac8 20.c4 bxc3 21.Nxc3 Qa6 22.Bb2 e6
23.Ne4 Rf8 24.Nd6 Rc7 25.a4 Nxe5 26.dxe5 Nd5 27.Rc1 Qb6 28.Ba3 Ra8 29.Bc5 Qa6
30.Nc4 Rd7 31.Rcd1 Rad8 32.Bd6 Nb6 33.Qxc6 Rc8 34.Qb5 Qxb5 35.axb5 Nxc4 36.bxc4 Rxc4
37.Ra1 Bf8 38.b6 axb6 39.Ra8 Rxd6 40.exd6 Rd4 41.Rb1 Kg7 42.Rb8 Bxd6 43.R8xb6 g5
44.g3 Be5 45.Re1 Bf6 46.Rb7 Kg6 47.Rc1 Be5 48.Re1 Bg7 49.Rc1 Rd5 50.Rc2 Rf5
51.Rd7 Bf6 52.Kg2 Bg7 53.Rc4 h5 54.g4 hxg4 55.hxg4 Rf6 56.Rd3 e5 57.Rf3 Re6
58.Rc7 Bf6 59.Rb3 Bg7 60.Rbb7 Rf6 61.Re7 Rf4 62.f3 Bf6 63.Re8 Kg7 64.Rb5  1/2-1/2

[Event "41st TCh-GRE"]
[Site "Rio (Achaia) GRE"]
[Date "2013.07.05"]
[Round "5.6"]
[White "Papageorgiou,Fotini"]
[Black "Tsamantani,Eleni-Marina"]
[Result "0-1"]
[WhiteElo "1391"]
[BlackElo "1353"]

1.e4 d5 2.exd5 Qxd5 3.Nc3 Qd6 4.d4 Nf6 5.Nge2 a6 6.Bf4 Qd8 7.g3 Bf5 8.Bg2 c6
9.O-O e6 10.a3 Bd6 11.Re1 O-O 12.Na4 Bxf4 13.Nxf4 Nbd7 14.c4 Rb8 15.Nc3 Re8
16.Nd3 Qc7 17.Qf3 Bxd3 18.Qxd3 Qd8 19.Rad1 Nb6 20.Re2 Qd7 21.Red2 Red8 22.Bh3 Qe7
23.Qe2 Qe8 24.Bg2 Kf8 25.b3 Qe7 26.c5 Nbd5 27.Nxd5 Nxd5 28.Bxd5 exd5 29.Qxe7+ Kxe7
30.Re2+ Kf8 31.Rde1 Re8 32.Kf1 Rxe2 33.Rxe2 Re8 34.b4 Rxe2 35.Kxe2 Ke7 36.Ke3 Kd7
37.Kf4 Ke6 38.g4 f6 39.h4 g6 40.f3 h6 41.a4 g5+ 42.Kg3 f5 43.f4 fxg4 44.Kxg4 gxh4
45.Kxh4 Kf5 46.Kg3 h5 47.a5 h4+ 48.Kxh4 Kxf4  0-1

[Event "41st TCh-GRE"]
[Site "Rio (Achaia) GRE"]
[Date "2013.07.05"]
[Round "5.6"]
[White "Poulopoulou,Ekaterini"]
[Black "Vafiadou,A"]
[Result "1/2-1/2"]
[WhiteElo "1485"]
[BlackElo "1686"]

1.e4 d5 2.exd5 Qxd5 3.Nc3 Qd6 4.d4 Nf6 5.Nf3 a6 6.g3 Bg4 7.h3 Bh5 8.Bg2 e6
9.g4 Bg6 10.O-O Nc6 11.Be3 Be7 12.a3 Ne4 13.Ne2 f5 14.Bf4 Qd7 15.Ng3 fxg4
16.hxg4 Nxg3 17.Bxg3 h5 18.g5 Be4 19.Ne5 Nxe5 20.Bxe4 Nc6 21.Bg6+ Kd8 22.Bxh5 Bxg5
23.c3 Rh6 24.Qg4 Qd5 25.Qf3 Bf6 26.Bg4 Ne7 27.Rfe1 Qxf3 28.Bxf3 c6 29.Rxe6 Nf5
30.Rae1 Rh8 31.Bg4 Nxg3 32.Rd6+ Kc7 33.Rd7+ Kb6 34.fxg3 Rhe8 35.Rd1 Rad8
36.Rxd8 Rxd8 37.Re1 Kb5 38.Be6 Ka4 39.Re4 Ka5 40.Kf2 Kb6 41.Ke1 Re8 42.Kd2 Kc7
43.Kd3 b6 44.b3 Kd6 45.Bf5 Rxe4 46.Bxe4 Bg5 47.g4 Bc1 48.a4 c5 49.dxc5+ Kxc5
50.b4+ Kd6 51.Kd4 g5 52.Kc4 Kc7 53.Bd5 Bf4 54.Be4 Bg3 55.Bd5 Bf4 56.Be4 Bg3
57.Bd5 Bf4 58.Bf7 Be3 59.Be8 Bd2 60.Bf7 Bf4 61.Be8 Bd2 62.Bg6 Bf4 63.Be4 Bg3
64.Bd5 Bf4 65.Bf3 Bg3 66.Be4 Bf4 67.Bh1 Bg3 68.Bg2 Bf4 69.Bf3 Bg3 70.Bh1 Bf4
71.Bf3 Bg3 72.Bd5 Bf4 73.a5 Bg3 74.Kb3 Be1 75.axb6+ Kxb6 76.c4 a5 77.bxa5+ Bxa5
78.Kc2 Kc5 79.Kd3 Bd8 80.Ke4 Be7  1/2-1/2

[Event "47th Ilmar Raud Mem"]
[Site "Viljandi EST"]
[Date "2013.07.05"]
[Round "7.25"]
[White "Golubeva,Marija"]
[Black "Narva,T"]
[Result "1/2-1/2"]
[WhiteElo "1817"]
[BlackElo "2083"]

1.e4 d5 2.exd5 Qxd5 3.Nc3 Qd6 4.d4 Nf6 5.Nf3 a6 6.g3 Bg4 7.Bg2 e6 8.O-O Nc6
9.Bf4 Qd7 10.h3 Bxf3 11.Qxf3 Be7 12.Rad1 Rd8 13.d5 Nxd5 14.Nxd5 exd5 15.Qb3 O-O
16.Bxd5 Qc8 17.Qc4 g5 18.Be3 Ne5 19.Qe4 Bf6 20.Bxg5 Bxg5 21.Qxe5 Bh6 22.Qh5 Bg7
23.Be4 h6 24.Bf5 Qb8 25.Bd3 b5 26.Rfe1 Rfe8 27.b3 Qb6 28.Qf5 Qf6 29.Qxf6 Bxf6
30.Kf1 Kf8 31.a4 c6 32.Bf5 bxa4 33.Rxe8+ Kxe8 34.Rxd8+ Kxd8 35.bxa4 a5 36.Ke2 Ke7
37.Kd3 Kd6 38.Kc4 Bb2 39.Be4 Ba3  1/2-1/2